The gnomes of Zurich

में बचाया:
ग्रंथसूची विवरण
मुख्य लेखक: Fehrenbach, .R
स्वरूप: पुस्तक
भाषा:Undetermined
प्रकाशित: London Frewin 1966
विषय:
टैग : टैग जोड़ें
कोई टैग नहीं, इस रिकॉर्ड को टैग करने वाले पहले व्यक्ति बनें!
Thư viện lưu trữ: Trung tâm Học liệu Trường Đại học Cần Thơ
LEADER 00482nam a2200193Ia 4500
001 CTU_89194
008 210402s9999 xx 000 0 und d
082 |a 332.109494 
082 |b F296 
100 |a Fehrenbach, .R 
245 4 |a The gnomes of Zurich 
245 0 |c .R. Fehrenbach 
260 |a London 
260 |b Frewin 
260 |c 1966 
650 |a Bank and banking 
650 |z Switzerland 
904 |i M.Loan 
980 |a Trung tâm Học liệu Trường Đại học Cần Thơ